Doce cuentos peregrinos /
Guardado en:
| Autor Principal: | |
|---|---|
| Formato: | Libro |
| Publicado: |
Buenos Aires :
Sudamericana,
1993
|
| Edición: | 14a. ed. |
| Materias: | |
| Etiquetas: |
Agregar Etiqueta
Sin Etiquetas, Sea el primero en etiquetar este registro!
|
| LEADER | 00828nam a22002655a 4500 | ||
|---|---|---|---|
| 001 | CEM.cems016794 | ||
| 008 | 130507s1993##################000#0#####d | ||
| 005 | 20230517134436.0 | ||
| 245 | 1 | 0 | |a Doce cuentos peregrinos / |c Gabriel García Márquez |
| 250 | |a 14a. ed. | ||
| 260 | |a Buenos Aires : |b Sudamericana, |c 1993 | ||
| 300 | |a 245 p. | ||
| 020 | |a 9500707756 | ||
| 100 | 1 | |a García Márquez, Gabriel José de la Concordia | |
| 082 | 0 | 4 | |a C868.4 |
| 653 | |a Literatura | ||
| 653 | |a Litaratura colombiana | ||
| 653 | |a Cuento | ||
| 653 | |a Literatura colombiana-siglo xx | ||
| 653 | |a Narrativa | ||
| 653 | |a Boom latinoamericanoo | ||
| 653 | |a Narrativa | ||
| 653 | |a Realismo mágico | ||
| 859 | |a CEMS |b BIB. CEMS - Agricultura |h C868.4 |i G165 |p A19324.97 |t Ej.1 | ||
| 859 | |a CEMS |b BIB. CEMS - Agricultura |h C868.4 |i G165 |p A0409.02 |t Ej.2 | ||
